000 00705nam a2200241 i 4500
001 18334
003 ES-MaACL
005 20230906151820.0
007 t|
008 011011s2000 sp ||||0| spa j
020 _a84-306-0415-4
080 _a681.324 Internet:351.824.1
100 1 _aMuñoz Machado, Santiago.
_984450
245 1 3 _aLa regulación de la Red
_b: poder y derecho en Internet /
_cSantiago Muñoz Machado.
260 _a[Madrid] :
_bTaurus,
_c[2000]
300 _a281 p. ;
_c22 cm.
490 1 _aPensamiento
504 _aBibliografía: p. 255-281.
650 1 4 _aInternet-
_xDerecho.
_913877
830 0 _aPensamiento
_9178722
852 _aES-MaACL
_jL-24991
999 _c18334
_d18334